000 00537nam a2200169 i 4500
001 49390
003 ES-MaACL
005 20230906161937.0
007 t|
008 030715s1953 sp ||||1| spa d
100 1 _aCortot, Alfred.
_940958
245 1 0 _aAspectos de Chopin /
_cAlfred Cortot ; [traducción del francés por J. Farrán y Mayoral].
260 _a[Barcelona] :
_bJanés,
_c1953 (
_fTall. Gráf. Rex)
300 _a172 p., 8 lám. ;
_c22 cm.
700 1 _aFarrán y Mayoral, J.
_948882
852 _aES-MaACL
_jD-9045
_bR.34250
999 _c49390
_d49390